000 00964nam a2200265Ia 4500
005 20220316235541.0
008 121119s2002 ck a gr 000 0 spa
020 _a958360089X
041 0 _aspa
082 0 4 _a986.11
_bF14H4
100 1 _aFals Borda, Orlando
_d1925-
245 1 0 _aHistoria doble de la costa, 4
_bretorno a la tierra
_cOrlando Fals Borda
250 _aPrimera edición
300 _a234 páginas
_bilustraciones
_c20 cm
490 0 _aMaestros de la sede
651 4 _aCosta Atlántica (Colombia)
_xPolítica y gobierno
_938719
651 4 _aCosta Atlántica (Colombia)
_xHistoria
_ySiglo XIX
_938720
651 4 _aCosta Atlántica (Colombia)
_x Vida social y costumbres
_ySiglo XIX
_938721
942 _2ddc
_cBK
264 _aBogotá
_bEl Áncora
_bBanco de la República
_c2002
336 _atexto
_btxt
_2rdacontent
337 _asin mediación
_bn
_2rdamedia
338 _avolumen
_bnc
_2rdacarrier
040 _aCO-BoRNBP
_bspa
_erda
_cCO-BoRNBP
999 _c1331
_d1331